[Event "CAN-ch U1900"]
[Site "Kingston CAN"]
[Date "2022.04.16"]
[Round "6.53"]
[White "Kuryliw, Ray"]
[Black "Phillips, Brian J"]
[Result "0-1"]
[WhiteElo "1809"]
[BlackElo "1768"]
[PlyCount "58"]
[EventDate "2022.04.13"]
[EventType "swiss"]
[EventRounds "9"]
[EventCountry "CAN"]

1. d4 e6 2. Bf4 f5 3. Nc3 Bb4 4. a3 Bxc3+ 5. bxc3 Nf6 6. Bg5 d6 7. g3 Nbd7 8.
Bg2 O-O 9. Rb1 c6 10. Rb3 Qe8 11. Nf3 Qh5 12. Bf4 Ne4 13. Nd2 e5 14. Nxe4 fxe4
15. Be3 d5 16. h3 Nb6 17. dxe5 Nc4 18. Bc1 Be6 19. Rxb7 e3 20. Bf3 exf2+ 21.
Kxf2 Nxe5 22. Bf4 Nxf3 23. exf3 Rf6 24. Qd4 Raf8 25. Re1 Qg6 26. Qe3 Bxh3 27.
Rh1 Rxf4 28. Rxh3 Rxf3+ 29. Qxf3 Qxc2+ 0-1

[Event "CAN-ch U1900"]
[Site "Kingston CAN"]
[Date "2022.04.16"]
[Round "6.54"]
[White "Srinivas, Atharva"]
[Black "Moses, Neil"]
[Result "1/2-1/2"]
[WhiteElo "1799"]
[BlackElo "1582"]
[PlyCount "60"]
[EventDate "2022.04.13"]
[EventType "swiss"]
[EventRounds "9"]
[EventCountry "CAN"]

1. e4 e6 2. d4 d5 3. e5 c5 4. c3 Nc6 5. Nf3 Qb6 6. a3 c4 7. h3 f6 8. g4 Qc7 9.
Bf4 fxe5 10. Nxe5 Bd6 11. Qe2 Nge7 12. Nd2 Bxe5 13. Bxe5 Nxe5 14. dxe5 Ng6 15.
Nf3 b6 16. Qe3 Bb7 17. O-O-O O-O-O 18. Rg1 Rde8 19. Re1 Rhf8 20. Nd4 Bc6 21. f3
Kb7 22. Rh1 Qe7 23. g5 Rf4 24. Rg1 Ref8 25. Kd2 Nh4 26. Be2 Be8 27. Ref1 Bh5
28. Rg3 a6 29. Bd1 Qf7 30. Kc1 Qe7 1/2-1/2

[Event "CAN-ch U1900"]
[Site "Kingston CAN"]
[Date "2022.04.17"]
[Round "7.51"]
[White "Supsup, Ferdinand"]
[Black "Latreille, Etienne"]
[Result "1-0"]
[WhiteElo "1777"]
[BlackElo "1853"]
[PlyCount "69"]
[EventDate "2022.04.13"]
[EventType "swiss"]
[EventRounds "9"]
[EventCountry "CAN"]

1. d4 d5 2. Nc3 Nf6 3. Bf4 c6 4. e3 Bf5 5. f3 e6 6. g4 Bg6 7. h4 h5 8. g5 Nfd7
9. Nh3 Nb6 10. Bd3 Bxd3 11. Qxd3 g6 12. Be5 Rg8 13. O-O Bd6 14. f4 Nc8 15. e4
Ne7 16. Rae1 Bxe5 17. fxe5 Rg7 18. Nf4 Na6 19. exd5 cxd5 20. Nb5 Nf5 21. Qa3
Qd7 22. Nd6+ Nxd6 23. exd6 O-O-O 24. c4 dxc4 25. Rc1 Qxd6 26. Rxc4+ Kb8 27. Qa5
Rgg8 28. Ne2 Qd5 29. Qc3 Rg7 30. Nf4 Qd7 31. Nd3 Nc7 32. Ne5 Qe7 33. Qb3 Ka8
34. Rf3 Nd5 35. Qb5 {...} 1-0

[Event "CAN-ch U1900"]
[Site "Kingston CAN"]
[Date "2022.04.17"]
[Round "7.52"]
[White "Balasooriya, Randika"]
[Black "Srinivas, Atharva"]
[Result "1/2-1/2"]
[WhiteElo "1879"]
[BlackElo "1799"]
[PlyCount "95"]
[EventDate "2022.04.13"]
[EventType "swiss"]
[EventRounds "9"]
[EventCountry "CAN"]

1. e4 e5 2. Nf3 Nc6 3. Bb5 a6 4. Ba4 Nf6 5. O-O Be7 6. Re1 b5 7. Bb3 d6 8. c3
O-O 9. h3 Na5 10. Bc2 c5 11. d4 Qc7 12. d5 Bd7 13. Nbd2 c4 14. Nf1 Rfe8 15. Ng3
g6 16. Bg5 Qd8 17. Qd2 Bf8 18. Bh6 Bg7 19. Bxg7 Kxg7 20. Nh2 Ng8 21. Rf1 Rf8
22. f4 f6 23. Nf3 Nb7 24. Rf2 Nc5 25. Raf1 Qe7 26. fxe5 fxe5 27. Ng5 Rxf2 28.
Rxf2 Rf8 29. Rxf8 Qxf8 30. Qf2 Qxf2+ 31. Kxf2 Ne7 32. Ke3 Nc8 33. b4 Nb7 34.
Nf3 Nd8 35. Nh1 Nf7 36. Nf2 Nb6 37. Bd1 Kf6 38. Nh2 Nh6 39. g4 Ng8 40. h4 Kg7
41. g5 Nc8 42. Bg4 Bxg4 43. Nhxg4 Nb6 44. Kf3 Na4 45. Nd1 h5 46. gxh6+ Nxh6 47.
Nxh6 Kxh6 48. Kg4 1/2-1/2

[Event "CAN-ch U1900"]
[Site "Kingston CAN"]
[Date "2022.04.17"]
[Round "7.53"]
[White "Phillips, Brian J"]
[Black "Dupont-Mageau, Nicolas"]
[Result "1/2-1/2"]
[WhiteElo "1768"]
[BlackElo "1713"]
[PlyCount "80"]
[EventDate "2022.04.13"]
[EventType "swiss"]
[EventRounds "9"]
[EventCountry "CAN"]

1. f4 Nf6 2. e3 d5 3. Nf3 g6 4. Be2 Bg4 5. O-O Bg7 6. d3 O-O 7. Qe1 e6 8. Kh1
c6 9. Nbd2 Nbd7 10. Ne5 Bxe2 11. Qxe2 Ne8 12. Ndf3 f5 13. e4 fxe4 14. dxe4 Nxe5
15. fxe5 Qc7 16. exd5 cxd5 17. Bg5 Qb6 18. c3 Nc7 19. Nd4 Rxf1+ 20. Rxf1 Rf8
21. Rxf8+ Kxf8 22. b3 Qc5 23. Qf3+ Kg8 24. Bf6 Bxf6 25. Qxf6 Qf8 26. Qxf8+ Kxf8
27. g4 Kf7 28. Kg2 g5 29. Kf2 a6 30. a4 Na8 31. Ke3 Nb6 32. Nf3 h6 33. Kd4 Nd7
34. c4 dxc4 35. Kxc4 Ke7 36. Kd4 Kd8 37. h4 gxh4 38. Nxh4 Ke7 39. Ng6+ Kf7 40.
Nf4 b6 1/2-1/2

[Event "CAN-ch U1900"]
[Site "Kingston CAN"]
[Date "2022.04.17"]
[Round "7.54"]
[White "Bond, Hal"]
[Black "Kuryliw, Ray"]
[Result "1/2-1/2"]
[WhiteElo "1773"]
[BlackElo "1809"]
[PlyCount "80"]
[EventDate "2022.04.13"]
[EventType "swiss"]
[EventRounds "9"]
[EventCountry "CAN"]

1. e4 e6 2. d4 d5 3. exd5 exd5 4. Bf4 Nf6 5. Nf3 Bd6 6. Bg5 h6 7. Bh4 O-O 8.
Be2 Bf5 9. O-O Nbd7 10. Nc3 c6 11. Bg3 Qc7 12. Nh4 Bh7 13. Bd3 Ne4 14. Nxe4
dxe4 15. Bc4 Nf6 16. Bxd6 Qxd6 17. g3 Rad8 18. c3 b5 19. Bb3 c5 20. dxc5 Qxc5
21. Qe2 Rfe8 22. Ng2 Bf5 23. Qe3 Qc7 24. Rfd1 Rd3 25. Qf4 Qc5 26. Ne3 Bg6 27.
Bc2 Nh5 28. Qh4 Rxe3 29. fxe3 Qxe3+ 30. Kh1 Qf2 31. Rac1 Qf3+ 32. Kg1 Qe3+ 33.
Kh1 Qf3+ 34. Kg1 Qe3+ 35. Kh1 Nf6 36. Qf4 Qc5 37. Qd6 Qe3 38. Qf4 Qc5 39. Qd6
Qe3 40. Qf4 Qc5 1/2-1/2

[Event "CAN-ch U1900"]
[Site "Kingston CAN"]
[Date "2022.04.17"]
[Round "7.55"]
[White "Moses, Neil"]
[Black "Hughes-Dupuy, Henry"]
[Result "0-1"]
[WhiteElo "1582"]
[BlackElo "1761"]
[PlyCount "24"]
[EventDate "2022.04.13"]
[EventType "swiss"]
[EventRounds "9"]
[EventCountry "CAN"]

1. e4 c5 2. Nf3 Nc6 3. d4 cxd4 4. Nxd4 Nf6 5. Nc3 e5 6. Nf3 Bb4 7. Bg5 Qa5 8.
Bd2 O-O 9. a3 Bxc3 10. Bxc3 Qa4 11. b4 Nxe4 12. Bb2 Nxb4 0-1

[Event "CAN-ch U1900"]
[Site "Kingston CAN"]
[Date "2022.04.17"]
[Round "8.51"]
[White "Balasooriya, Randika"]
[Black "Supsup, Ferdinand"]
[Result "1-0"]
[WhiteElo "1879"]
[BlackElo "1777"]
[PlyCount "125"]
[EventDate "2022.04.13"]
[EventType "swiss"]
[EventRounds "9"]
[EventCountry "CAN"]

1. e4 d5 2. exd5 Nf6 3. Bb5+ Bd7 4. Be2 Nxd5 5. d4 Bf5 6. Nf3 e6 7. O-O Bd6 8.
Re1 Nd7 9. a3 c6 10. c4 N5f6 11. Nc3 Rc8 12. Qb3 Qc7 13. Bg5 O-O 14. Rad1 Bg4
15. h3 Bf5 16. Nh4 Be4 17. Bf1 Bg6 18. Nxg6 hxg6 19. d5 cxd5 20. cxd5 e5 21.
Nb5 Qb6 22. Qa2 Bc5 23. b4 Bd4 24. Nxd4 exd4 25. Rd2 a5 26. b5 Rfe8 27. Rde2
Rxe2 28. Rxe2 Qd6 29. Rc2 Rxc2 30. Qxc2 Qxd5 31. Bxf6 Nxf6 32. Bc4 Qe4 33. Bd3
Qe1+ 34. Kh2 Qc3 35. Qxc3 dxc3 36. Kg3 Nd5 37. Kf3 Nc7 38. Ke3 Kf8 39. Bc4 Ke7
40. Kd3 f6 41. Kxc3 b6 42. Kd4 Ne8 43. Bd3 f5 44. Kd5 Kd7 45. Ke5 Nd6 46. h4
Nf7+ 47. Kd5 Nh6 48. f3 Nf7 49. a4 Nh6 50. g3 Nf7 51. h5 gxh5 52. Bxf5+ Kc7 53.
Bg6 Nd6 54. Ke6 Nc4 55. f4 Nb2 56. Bc2 Nc4 57. Kf7 Ne3 58. Bd3 Kd6 59. Kxg7 Kc5
60. f5 Nxf5+ 61. Bxf5 Kb4 62. Bc2 Kc3 63. Bd1 1-0

[Event "CAN-ch U1900"]
[Site "Kingston CAN"]
[Date "2022.04.17"]
[Round "8.52"]
[White "Latreille, Etienne"]
[Black "Kuryliw, Ray"]
[Result "1/2-1/2"]
[WhiteElo "1853"]
[BlackElo "1809"]
[PlyCount "102"]
[EventDate "2022.04.13"]
[EventType "swiss"]
[EventRounds "9"]
[EventCountry "CAN"]

1. e4 e6 2. d4 d5 3. Nd2 Nf6 4. e5 Nfd7 5. Bd3 c5 6. c3 Nc6 7. Ne2 Be7 8. O-O
f6 9. Nf4 Nf8 10. Qh5+ Kd7 11. exf6 Bxf6 12. Nb3 c4 13. Nc5+ Kc7 14. Bc2 b6 15.
Nxd5+ Qxd5 16. Qf7+ Bd7 17. Bf4+ Kc8 18. Be4 bxc5 19. Bxd5 exd5 20. Qxd5 Ne6
21. Bg3 cxd4 22. Qxc4 Kd8 23. Rad1 Rc8 24. Qd5 Nc7 25. Bxc7+ Rxc7 26. cxd4 Re8
27. a3 Ne7 28. Qb3 Nc8 29. h3 Nb6 30. Qf3 Rc2 31. b3 Ree2 32. Qg3 Nc8 33. Qf4
h6 34. h4 Ke8 35. Rfe1 Kf8 36. Rxe2 Rxe2 37. Rc1 Kg8 38. Qf3 Re8 39. Qd5+ Be6
40. Qc6 Bf7 41. Qxe8+ Bxe8 42. Rxc8 Kf7 43. Rc7+ Ke6 44. Rxa7 Bxd4 45. Ra5 Bf6
46. g3 Bg6 47. f3 Bd4+ 48. Kg2 Bc3 49. b4 Kd6 50. g4 Be1 51. h5 Bd3 1/2-1/2

[Event "CAN-ch U1900"]
[Site "Kingston CAN"]
[Date "2022.04.17"]
[Round "8.53"]
[White "Hughes-Dupuy, Henry"]
[Black "Phillips, Brian J"]
[Result "1-0"]
[WhiteElo "1761"]
[BlackElo "1768"]
[PlyCount "139"]
[EventDate "2022.04.13"]
[EventType "swiss"]
[EventRounds "9"]
[EventCountry "CAN"]

1. e4 e6 2. d4 d5 3. Nd2 Nf6 4. e5 Nfd7 5. Bd3 c5 6. c3 Nc6 7. Ne2 cxd4 8. cxd4
f6 9. Nf4 Qe7 10. Qh5+ Qf7 11. Qxf7+ Kxf7 12. exf6 Nxf6 13. Nf3 Bb4+ 14. Bd2
Bxd2+ 15. Kxd2 Re8 16. Rae1 Kg8 17. h3 Bd7 18. Re3 Nxd4 19. Nxd4 e5 20. Nfe2
exd4 21. Rxe8+ Rxe8 22. Nxd4 Ne4+ 23. Bxe4 Rxe4 24. Kd3 Re7 25. Rc1 Kf7 26. Rc5
Be6 27. f4 g6 28. g4 Kf6 29. Nxe6 Kxe6 30. Kd4 Rd7 31. a4 h5 32. b4 Rf7 33. Ke3
hxg4 34. hxg4 d4+ 35. Ke4 Rd7 36. Rc2 d3 37. Rd2 Rd6 38. Rxd3 Rc6 39. Re3 Kf7
40. Kd5 Rc1 41. Re4 Rg1 42. g5 Rd1+ 43. Rd4 Rc1 44. Rc4 Rd1+ 45. Kc5 Ke6 46.
Re4+ Kf7 47. Rd4 Rc1+ 48. Kd6 Rc6+ 49. Kd7 Rc1 50. Kd8 Ke6 51. Rd7 Rc4 52. Rxb7
Rxf4 53. Kc7 a5 54. Rb6+ Ke7 55. bxa5 Rxa4 56. a6 Ra5 57. Kb7 Rxg5 58. a7 Ra5
59. Ra6 Rxa6 60. Kxa6 Kf6 61. a8=Q Kg5 62. Qg2+ Kf5 63. Kb5 g5 64. Kc4 Kf4 65.
Kd4 g4 66. Qf2+ Kg5 67. Ke4 Kh5 68. Qf6 g3 69. Kf4 g2 70. Qg5# 1-0

[Event "CAN-ch U1900"]
[Site "Kingston CAN"]
[Date "2022.04.17"]
[Round "8.54"]
[White "Dupont-Mageau, Nicolas"]
[Black "Moses, Neil"]
[Result "1/2-1/2"]
[WhiteElo "1713"]
[BlackElo "1582"]
[PlyCount "48"]
[EventDate "2022.04.13"]
[EventType "swiss"]
[EventRounds "9"]
[EventCountry "CAN"]

1. e4 e6 2. d4 d5 3. exd5 exd5 4. Nf3 Bd6 5. Bd3 Ne7 6. Bg5 c6 7. O-O O-O 8. c3
Qc7 9. Nbd2 f6 10. Bh4 Bf5 11. Qc2 Bxd3 12. Qxd3 Ng6 13. Bg3 Nf4 14. Qe3 Na6
15. Bxf4 Bxf4 16. Qe6+ Qf7 17. Qg4 Bd6 18. Rfe1 Rfe8 19. Nh4 Kh8 20. Nf5 Bf8
21. f4 Re6 22. Nf3 Rae8 23. N5h4 Qd7 24. Qg3 Bd6 1/2-1/2

[Event "CAN-ch U1900"]
[Site "Kingston CAN"]
[Date "2022.04.17"]
[Round "8.55"]
[White "Srinivas, Atharva"]
[Black "Bond, Hal"]
[Result "1/2-1/2"]
[WhiteElo "1799"]
[BlackElo "1773"]
[PlyCount "40"]
[EventDate "2022.04.13"]
[EventType "swiss"]
[EventRounds "9"]
[EventCountry "CAN"]

1. e4 Nf6 2. Nc3 e5 3. Nf3 Bb4 4. Bc4 Nc6 5. d3 d5 6. exd5 Nxd5 7. Bd2 Bxc3 8.
bxc3 O-O 9. h3 h6 10. O-O Be6 11. Re1 Qd6 12. Qe2 Rfe8 13. d4 exd4 14. cxd4 Nf6
15. Qd3 Rad8 16. c3 Bxc4 17. Qxc4 Qd5 18. Qxd5 Nxd5 19. Kf1 Rxe1+ 20. Rxe1 Nf6
1/2-1/2

[Event "CAN-ch U1900"]
[Site "Kingston CAN"]
[Date "2022.04.18"]
[Round "9.51"]
[White "Moses, Neil"]
[Black "Balasooriya, Randika"]
[Result "0-1"]
[WhiteElo "1582"]
[BlackElo "1879"]
[PlyCount "48"]
[EventDate "2022.04.13"]
[EventType "swiss"]
[EventRounds "9"]
[EventCountry "CAN"]

1. e4 c5 2. Nf3 g6 3. d4 cxd4 4. Nxd4 Nc6 5. Bc4 Bg7 6. Ne2 Nf6 7. Nbc3 O-O 8.
O-O d6 9. Bf4 a6 10. a4 b6 11. Qd2 Qc7 12. Rab1 Bb7 13. Bh6 Ne5 14. Bd3 Rfd8
15. Bxg7 Kxg7 16. f4 Nc4 17. Qe1 Rac8 18. h3 d5 19. Bxc4 Qxc4 20. e5 Ne4 21.
Nxe4 Qxe4 22. c3 d4 23. Qf2 d3 24. Nd4 Rxd4 0-1

[Event "CAN-ch U1900"]
[Site "Kingston CAN"]
[Date "2022.04.18"]
[Round "9.52"]
[White "Dupont-Mageau, Nicolas"]
[Black "Latreille, Etienne"]
[Result "1/2-1/2"]
[WhiteElo "1713"]
[BlackElo "1853"]
[PlyCount "33"]
[EventDate "2022.04.13"]
[EventType "swiss"]
[EventRounds "9"]
[EventCountry "CAN"]

1. Nf3 d5 2. c4 c6 3. e3 Nf6 4. Nc3 a6 5. b4 b5 6. cxd5 cxd5 7. a4 bxa4 8.
Qxa4+ Nbd7 9. Qc6 Rb8 10. Bxa6 Bxa6 11. Rxa6 e6 12. Ba3 Be7 13. O-O O-O 14. Rb1
Rb6 15. Qa4 Rxa6 16. Qxa6 Qb6 17. Qxb6 1/2-1/2

[Event "CAN-ch U1900"]
[Site "Kingston CAN"]
[Date "2022.04.18"]
[Round "9.53"]
[White "Kuryliw, Ray"]
[Black "Supsup, Ferdinand"]
[Result "0-1"]
[WhiteElo "1809"]
[BlackElo "1777"]
[PlyCount "90"]
[EventDate "2022.04.13"]
[EventType "swiss"]
[EventRounds "9"]
[EventCountry "CAN"]

1. d4 d5 2. Bf4 Nf6 3. e3 Bf5 4. Bd3 e6 5. Bxf5 exf5 6. Nd2 c5 7. c3 Nc6 8. h3
Qb6 9. Qb3 c4 10. Qc2 g6 11. Ne2 h5 12. b3 cxb3 13. axb3 Rc8 14. O-O Ne4 15.
Nxe4 fxe4 16. Qa2 Be7 17. c4 dxc4 18. bxc4 g5 19. c5 Qd8 20. Bh2 Kf8 21. Rfd1
Qd7 22. Qb2 Nd8 23. d5 Rh6 24. d6 Bf6 25. Nd4 Rxc5 26. Rxa7 g4 27. Bf4 Rg6 28.
Qb6 Bxd4 29. exd4 Rc6 30. Qb2 gxh3 31. g3 Kg8 32. Ra8 Rc8 33. Rxc8 Qxc8 34. Qb5
Qg4 35. Qe8+ Kh7 36. Be5 Rg8 37. Qb5 Qf3 38. Qf1 f6 39. Qxh3 fxe5 40. Qd7+ Kh6
41. Re1 exd4 42. Qc7 e3 43. Qc1 Qxf2+ 44. Kh1 Qf3+ 45. Kg1 Qxg3+ 0-1

[Event "CAN-ch U1900"]
[Site "Kingston CAN"]
[Date "2022.04.18"]
[Round "9.54"]
[White "Bond, Hal"]
[Black "Hughes-Dupuy, Henry"]
[Result "0-1"]
[WhiteElo "1773"]
[BlackElo "1761"]
[PlyCount "50"]
[EventDate "2022.04.13"]
[EventType "swiss"]
[EventRounds "9"]
[EventCountry "CAN"]

1. e4 c5 2. d4 cxd4 3. c3 dxc3 4. Nxc3 Nc6 5. Nf3 e6 6. Bc4 d6 7. Qe2 Be7 8.
O-O Nf6 9. Rd1 Bd7 10. Bf4 Qb8 11. Rac1 Nh5 12. Be3 O-O 13. Ng5 Nf6 14. f4 h6
15. Nf3 Ng4 16. Bc5 dxc5 17. Rxd7 Qxf4 18. Rcd1 Nd4 19. R1xd4 cxd4 20. Rxe7
dxc3 21. bxc3 Qd6 22. Rxb7 Qc5+ 23. Nd4 e5 24. Qxg4 exd4 25. Bd5 dxc3+ 0-1

[Event "CAN-ch U1900"]
[Site "Kingston CAN"]
[Date "2022.04.18"]
[Round "9.55"]
[White "Phillips, Brian J"]
[Black "Srinivas, Atharva"]
[Result "0-1"]
[WhiteElo "1768"]
[BlackElo "1799"]
[PlyCount "108"]
[EventDate "2022.04.13"]
[EventType "swiss"]
[EventRounds "9"]
[EventCountry "CAN"]

1. f4 d5 2. Nf3 Nf6 3. e3 Bf5 4. d3 c5 5. Be2 e6 6. O-O h5 7. Qe1 Nc6 8. b3 Qc7
9. Bb2 Ng4 10. Bd1 O-O-O 11. h3 Nf6 12. a4 Bg6 13. Nc3 a6 14. a5 Bd6 15. Ne2 e5
16. fxe5 Nxe5 17. Nf4 Rhe8 18. Nxg6 fxg6 19. Ng5 Nf7 20. Nxf7 Qxf7 21. Ra4 d4
22. e4 Qe7 23. Qd2 Qe5 24. g4 hxg4 25. Bc1 gxh3 26. Qf4 Qxf4 27. Bxf4 Bxf4 28.
Rxf4 g5 29. Rf5 g4 30. Rxc5+ Kb8 31. Rg5 Rh8 32. e5 h2+ 33. Kh1 Rh4 34. Rxg7
Re8 35. Rg5 g3 36. Bf3 Nh5 37. Bxh5 Rxe5 38. Rg8+ Ka7 39. Ra1 Rhxh5 40. Rxg3
Rxa5 41. Rxa5 Rxa5 42. Kxh2 Rc5 43. Rg2 Kb6 44. Kg3 Rg5+ 45. Kf3 Rxg2 46. Kxg2
Kc5 47. Kf3 b5 48. Ke2 a5 49. Kd2 Kb4 50. c4 dxc3+ 51. Kc2 a4 52. bxa4 bxa4 53.
d4 a3 54. Kb1 Kc4 0-1

[Event "CAN-ch U2200"]
[Site "Kingston CAN"]
[Date "2022.04.13"]
[Round "1.31"]
[White "Adam, Rafael"]
[Black "Berengolts, Isai"]
[Result "1/2-1/2"]
[WhiteElo "2024"]
[BlackElo "2126"]
[PlyCount "126"]
[EventDate "2022.04.13"]
[EventType "swiss"]
[EventRounds "9"]
[EventCountry "CAN"]

1. d4 Nf6 2. c4 e6 3. g3 d5 4. Nf3 Nbd7 5. cxd5 exd5 6. Bg2 Bd6 7. Nc3 c6 8.
O-O O-O 9. Bf4 Qc7 10. e3 Re8 11. Qc2 a6 12. Nd2 Bxf4 13. gxf4 Qd6 14. Nf3 Nf8
15. Na4 Ne4 16. Nb6 Rb8 17. Nxc8 Rbxc8 18. Ne5 c5 19. dxc5 Qxc5 20. Qxc5 Rxc5
21. Rac1 Rec8 22. Nd3 Rc2 23. Rxc2 Rxc2 24. Rc1 Rxc1+ 25. Nxc1 f5 26. Nb3 Ne6
27. f3 N4c5 28. Nxc5 Nxc5 29. Bf1 a5 30. Bb5 Kf7 31. Kf2 Ke6 32. Ke2 Kd6 33.
Be8 Ne6 34. Bf7 Nc5 35. Kd2 b6 36. Kc3 Na4+ 37. Kc2 Nc5 38. b3 Na6 39. Kc3 Nc7
40. Kd3 b5 41. Bg8 h6 42. Bh7 Na6 43. Bxf5 Nb4+ 44. Kd4 Nc6+ 45. Kc3 Kc5 46. a3
b4+ 47. axb4+ axb4+ 48. Kd3 Na5 49. Kc2 d4 50. e4 d3+ 51. Kxd3 Nxb3 52. e5 Nd4
53. Be4 b3 54. Kc3 Ne2+ 55. Kxb3 Nxf4 56. Kc3 g5 57. Bb7 Ng6 58. Kd3 Nxe5+ 59.
Ke4 Nxf3 60. Kxf3 Kd6 61. Kg4 Ke6 62. Kh5 Kf7 63. Kxh6 Kg8 1/2-1/2

[Event "CAN-ch U2200"]
[Site "Kingston CAN"]
[Date "2022.04.13"]
[Round "1.32"]
[White "Xu, Eddie"]
[Black "Shi, Michael"]
[Result "1-0"]
[WhiteElo "2119"]
[BlackElo "2017"]
[PlyCount "109"]
[EventDate "2022.04.13"]
[EventType "swiss"]
[EventRounds "9"]
[EventCountry "CAN"]

1. d4 d5 2. c4 e6 3. Nc3 Nf6 4. cxd5 exd5 5. Bg5 Bb4 6. Nf3 O-O 7. e3 Nbd7 8.
Bd3 h6 9. Bh4 c5 10. O-O Bxc3 11. bxc3 c4 12. Bf5 Nb6 13. Bc2 Bg4 14. Qe1 Bxf3
15. gxf3 g5 16. Bg3 Nh5 17. Rb1 Qd7 18. Kh1 Nxg3+ 19. fxg3 f5 20. Qd2 Rae8 21.
Rbe1 Nc8 22. Kg2 Nd6 23. h4 g4 24. fxg4 fxg4 25. e4 Rxf1 26. Rxf1 Nxe4 27. Bxe4
Rxe4 28. Qxh6 Qe7 29. Rf2 Re3 30. Qg6+ Kh8 31. Qh5+ Kg7 32. Qxg4+ Kh8 33. Qh5+
Kg7 34. Rf4 Re2+ 35. Kh3 Qe6+ 36. Qg4+ Qxg4+ 37. Rxg4+ Kh6 38. Rg5 Re3 39. Rxd5
Rxc3 40. Rd7 b5 41. Rxa7 Rc2 42. Rb7 Rb2 43. d5 Kg6 44. g4 b4 45. Rb6+ Kf7 46.
Rc6 c3 47. g5 Rxa2 48. h5 c2 49. Rc7+ Kg8 50. Kg4 b3 51. Rc8+ Kf7 52. Rc7+ Kg8
53. g6 Ra7 54. Rc8+ Kg7 55. Kg5 1-0

[Event "CAN-ch U2200"]
[Site "Kingston CAN"]
[Date "2022.04.13"]
[Round "1.33"]
[White "Huang, Youhe"]
[Black "Xu, Daniel"]
[Result "1-0"]
[WhiteElo "1989"]
[BlackElo "2088"]
[PlyCount "73"]
[EventDate "2022.04.13"]
[EventType "swiss"]
[EventRounds "9"]
[EventCountry "CAN"]

1. e4 c5 2. Nf3 d6 3. Bb5+ Nd7 4. c4 e5 5. O-O Ngf6 6. Nc3 a6 7. Ba4 g6 8. d3
Bg7 9. Ne1 O-O 10. g3 Nb6 11. Bb3 Bh3 12. Ng2 Nbd7 13. Re1 Rb8 14. a4 h6 15.
Ne3 Ne8 16. Qf3 Be6 17. Nf5 Kh7 18. Nxg7 Kxg7 19. Qe3 Rh8 20. f4 f6 21. Bd2 Nc7
22. Nd5 Bf7 23. Rf1 Ne6 24. Bd1 Nd4 25. b4 Bxd5 26. cxd5 cxb4 27. Bxb4 Qb6 28.
Bd2 Nc5 29. Kh1 Qd8 30. Bc3 Ncb3 31. Bxb3 Nxb3 32. Rab1 Nd4 33. fxe5 dxe5 34.
Bxd4 exd4 35. Qxd4 b5 36. e5 fxe5 37. Qa7+ 1-0

[Event "CAN-ch U2200"]
[Site "Kingston CAN"]
[Date "2022.04.13"]
[Round "1.34"]
[White "Van Rooy, Jake"]
[Black "Hansen, Troy"]
[Result "1/2-1/2"]
[WhiteElo "2073"]
[BlackElo "1973"]
[PlyCount "100"]
[EventDate "2022.04.13"]
[EventType "swiss"]
[EventRounds "9"]
[EventCountry "CAN"]

1. e4 e6 2. d3 d5 3. Qe2 Nf6 4. Nf3 Be7 5. g3 O-O 6. Bg2 b6 7. O-O c5 8. e5
Nfd7 9. h4 Bb7 10. c3 Nc6 11. Re1 b5 12. Na3 b4 13. Nc2 a5 14. Bf4 a4 15. cxb4
Nxb4 16. Nxb4 cxb4 17. d4 Qb6 18. Rac1 Rfc8 19. Rxc8+ Rxc8 20. Rc1 Rxc1+ 21.
Bxc1 Qc6 22. Qd1 Ba6 23. Bd2 Nb6 24. b3 axb3 25. axb3 Nc8 26. Ne1 Qb6 27. Qa1
Na7 28. Bf1 Bxf1 29. Kxf1 Nc6 30. Nf3 Qa5 31. Qc1 Qb6 32. Kg2 Nxd4 33. Qc8+ Bf8
34. Be3 Qc6 35. Qxc6 Nxc6 36. Bb6 f6 37. exf6 gxf6 38. Ne1 e5 39. Kf3 Kf7 40.
Nc2 Ke6 41. g4 Bh6 42. Be3 Bf8 43. Bb6 Be7 44. Ke2 d4 45. f3 f5 46. g5 Kd5 47.
Ne1 e4 48. f4 Bd6 49. Ng2 Ke6 50. h5 Kf7 1/2-1/2

[Event "CAN-ch U2200"]
[Site "Kingston CAN"]
[Date "2022.04.13"]
[Round "1.35"]
[White "Malmsten, Erik"]
[Black "Ramesh, Sanjay"]
[Result "1-0"]
[WhiteElo "1936"]
[BlackElo "2065"]
[PlyCount "77"]
[EventDate "2022.04.13"]
[EventType "swiss"]
[EventRounds "9"]
[EventCountry "CAN"]

1. e4 c6 2. f4 d5 3. e5 Bf5 4. Nf3 e6 5. d3 c5 6. Nc3 Nc6 7. g3 Nge7 8. Bg2 h6
9. Bd2 Bh7 10. O-O Nf5 11. Qe1 Be7 12. Ne2 O-O 13. g4 Nh4 14. Ng3 Qb6 15. f5
Nxg2 16. Kxg2 exf5 17. gxf5 f6 18. e6 Qxb2 19. Rc1 Nd4 20. Nh4 Nxc2 21. Qf2 Nb4
22. Qe2 Rac8 23. Nh5 c4 24. Rf2 Qd4 25. Rf4 Qxd3 26. Qe1 Kh8 27. Rc3 Nc2 28.
Qf2 Bc5 29. Qg3 Qxd2+ 30. Kh3 Rc7 31. Rg4 Bb6 32. Rxg7 Rg8 33. Rxg8+ Bxg8 34.
Ng6+ Kh7 35. Nxf6+ Kg7 36. Ne8+ Kh7 37. Nf8+ Kh8 38. Qe5+ Rg7 39. Qxg7# 1-0

[Event "CAN-ch U2200"]
[Site "Kingston CAN"]
[Date "2022.04.13"]
[Round "1.36"]
[White "Loadman, Ian"]
[Black "Khan, Riley"]
[Result "1-0"]
[WhiteElo "2061"]
[BlackElo "1935"]
[PlyCount "81"]
[EventDate "2022.04.13"]
[EventType "swiss"]
[EventRounds "9"]
[EventCountry "CAN"]

1. e4 c6 2. d4 d5 3. exd5 cxd5 4. c4 e6 5. Nc3 Nf6 6. Nf3 Nc6 7. cxd5 exd5 8.
Bd3 Be7 9. h3 O-O 10. O-O Qb6 11. Re1 Kh8 12. Bf4 Be6 13. Na4 Qd8 14. Rc1 Bb4
15. Re2 Ne4 16. a3 Bd6 17. Bxd6 Nxd6 18. Nc5 Qb6 19. b4 Rae8 20. Qc2 Bc8 21.
Rce1 Rxe2 22. Rxe2 h6 23. Qc3 Bf5 24. Bxf5 Nxf5 25. Qd3 Nd6 26. Nd7 Qd8 27.
Nxf8 Qxf8 28. Ne5 Qd8 29. Rc2 Qe8 30. Rc5 Nc4 31. Rxd5 N4xe5 32. dxe5 Qe6 33.
b5 Ne7 34. Rd8+ Ng8 35. Qd5 Qf5 36. Qxb7 Kh7 37. Qd5 g6 38. Rd7 Kg7 39. Rxa7
Qf4 40. g3 Qg5 41. Qxf7+ 1-0

[Event "CAN-ch U2200"]
[Site "Kingston CAN"]
[Date "2022.04.13"]
[Round "1.37"]
[White "Oancea, Nicolae"]
[Black "Latorre, Vincent"]
[Result "0-1"]
[WhiteElo "1907"]
[BlackElo "2046"]
[PlyCount "102"]
[EventDate "2022.04.13"]
[EventType "swiss"]
[EventRounds "9"]
[EventCountry "CAN"]

1. Nf3 Nf6 2. c4 c5 3. g3 b6 4. Bg2 Bb7 5. O-O e6 6. Nc3 Be7 7. b3 O-O 8. Bb2
d6 9. Qc2 a6 10. Rad1 Nc6 11. e3 b5 12. d4 bxc4 13. dxc5 cxb3 14. axb3 Nb4 15.
Qb1 d5 16. Na4 Rc8 17. Bd4 Nd7 18. Qb2 Bf6 19. Ne5 Nxe5 20. Bxe5 Bxe5 21. Qxe5
a5 22. h4 Ba6 23. Qc3 Bxf1 24. Bxf1 Qf6 25. Qd2 Rfd8 26. Qe2 e5 27. Qb5 Ra8 28.
Nb6 Ra7 29. Ra1 Na6 30. Qa4 d4 31. Bg2 e4 32. Bxe4 dxe3 33. fxe3 Nb4 34. Rf1
Qe5 35. Rf4 Nd3 36. Bxd3 Qxe3+ 37. Rf2 Qxg3+ 38. Rg2 Qxd3 39. Qg4 Qe3+ 40. Kh2
Qe5+ 41. Kh1 h5 42. Qg5 Rd1+ 43. Rg1 Qxg5 44. hxg5 Rxg1+ 45. Kxg1 Rc7 46. Na4
f6 47. g6 f5 48. Kf2 h4 49. Kg2 f4 50. Kh3 f3 51. Kh2 Rc6 0-1

[Event "CAN-ch U2200"]
[Site "Kingston CAN"]
[Date "2022.04.14"]
[Round "2.31"]
[White "Zhu, Matthew"]
[Black "Xu, Eddie"]
[Result "1/2-1/2"]
[WhiteElo "2025"]
[BlackElo "2119"]
[PlyCount "135"]
[EventDate "2022.04.13"]
[EventType "swiss"]
[EventRounds "9"]
[EventCountry "CAN"]

1. e4 e5 2. Nf3 Nc6 3. Bb5 a6 4. Ba4 Nf6 5. O-O Be7 6. Re1 b5 7. Bb3 d6 8. c3
O-O 9. h3 Bb7 10. d4 Re8 11. Nbd2 Bf8 12. a3 h6 13. Bc2 g6 14. b4 exd4 15. cxd4
a5 16. Bd3 axb4 17. Bxb5 Re7 18. Qc2 Na7 19. Bd3 bxa3 20. Bxa3 Nc8 21. Nh4 Nb6
22. f4 Nfd5 23. g3 Bg7 24. e5 Re8 25. Kh2 Nxf4 26. Bb5 Ne6 27. Bxe8 Qxe8 28.
exd6 cxd6 29. Bxd6 Rxa1 30. Rxa1 Nxd4 31. Qd1 g5 32. Rb1 Qc6 33. Nhf3 Qxd6 34.
Nxd4 Qxd4 35. Qe2 Be5 36. Nf3 Bxf3 37. Qxf3 Qd2+ 38. Kh1 Nc4 39. Rf1 Nd6 40.
Rd1 Qc2 41. Rd5 f6 42. Rxd6 Bxd6 43. Qd5+ Kg7 44. Qxd6 Qe4+ 45. Kh2 Qe2+ 46.
Kg1 Qe3+ 47. Kg2 Qe4+ 48. Kh2 Qc2+ 49. Kg1 Qb1+ 50. Kh2 Qb2+ 51. Kg1 Qa1+ 52.
Kh2 Qa7 53. Kg2 Qb7+ 54. Kh2 h5 55. Qd4 Qc7 56. Kg2 Qc2+ 57. Kg1 Qb1+ 58. Kg2
Qb7+ 59. Kh2 Qf3 60. Qd7+ Kg6 61. Qe8+ Kf5 62. Qb5+ Ke4 63. Qc6+ Ke3 64. Qc3+
Kf2 65. Qb2+ Ke1 66. Qa1+ Kd2 67. Qb2+ Kd1 68. Qb1+ 1/2-1/2